Logo BPK

Biblioteka

Politechniki Koszalińskiej

Techniki negocjacji (Rekord nr 41248)

Szczegóły MARC
000 -ETYKIETA REKORDU
podpole kontrolne o stałej długości 01765nmm a2200457 i 4500
001 - NUMER KONTROLNY REKORDU
pole kontrolne bg
040 ## - ŹRÓDŁO KATALOGOWANIA
Instytucja, która utworzyła rekord BPK
041 1# - KOD JĘZYKA
Kod języka tekstu pol
044 ## - KOD KRAJU WYDAWCY/PRODUCENTA
Kod kraju wydawcy/producenta POL
080 ## - UNIWERSALNA KLASYFIKACJA DZIESIĘTNA - UKD
UKD 005.574
080 ## - UNIWERSALNA KLASYFIKACJA DZIESIĘTNA - UKD
UKD 316.77
080 ## - UNIWERSALNA KLASYFIKACJA DZIESIĘTNA - UKD
UKD (086.82)
080 ## - UNIWERSALNA KLASYFIKACJA DZIESIĘTNA - UKD
UKD (083.1)
008 - POLE O STAŁEJ DŁUGOŚCI - DANE KONTROLNE
podpole kontrolne o stałej długości 120705s2011 pl |000 0 pol
245 00 - TYTUŁ/ODPOWIEDZIALNOŚĆ
Tytuł Techniki negocjacji
Typ dokumentu [Film] /
Pozostałe elementy strefy tytułu i oznaczenia odpowiedzialności scen. Elżbieta Trembowelska, Paweł Filarski ; konsult. Robert Błaut ; reż. Piotr Chmielewski ; współpr. Paweł Filarski, kier. prod. Waldemar Rudziecki.
260 ## - STREFA ADRESU WYDAWNICZEGO
Miejsce wydania Gdańsk :
Nazwa wydawcy/dystrybutora Wytwórnia Filmów Szkoleniowych Synergia,
Data publikacji, dystrybucji/powstania dokumentu [ca 2000]
300 ## - STREFA OPISU FIZYCZNEGO
Objętość 1 płyta wiz. (DVD) (41 min.) :
Inne cechy fizyczne dźw., kolor. ;
Rozmiary 12 cm.
490 1# - STREFA SERII I DOKUMENTU WIELOCZĘŚCIOWEGO - FORMA NIE DO WYSZUKIWANIA
Tytuł i oznaczenie odpowiedzialności serii Wideoteka Synergii
500 ## - UWAGI OGÓLNE
Tekst uwagi Tyt. wg etykiety na opakowaniu.
500 ## - UWAGI OGÓLNE
Tekst uwagi Pojemnik : 19x14x2 cm.
511 1# - UWAGA DOTYCZĄCA UCZESTNICTWA LUB WYKONAWCY
Tekst uwagi Wystapili: Krzysztof Stelmaszczyk, Maciej Orłoś, Krzysztof Arsenowicz, Roman Pietrzyk, Agnieszka Babicz, Agnieszka Pawlak, Krzysztof Gordon.
650 #9 - HASŁO PRZEDMIOTOWE W FORMIE NAZWY OGÓLNEJ LUB JEDNOSTKOWEJ
Nazwa ogólna lub geograficzna Negocjacje
Określnik ogólny metody
650 #9 - HASŁO PRZEDMIOTOWE W FORMIE NAZWY OGÓLNEJ LUB JEDNOSTKOWEJ
Nazwa ogólna lub geograficzna Komunikacja interpersonalna
655 #9 - TERMIN INDEKSOWY - OKREŚLENIE RODZAJU/FORMY DOKUMENTU
Określenie rodzaju/formy dokumentu Film edukacyjny
655 #9 - TERMIN INDEKSOWY - OKREŚLENIE RODZAJU/FORMY DOKUMENTU
Określenie rodzaju/formy dokumentu Poradniki
700 1# - HASŁO DODATKOWE - NAZWA OSOBOWA
Nazwa osobowa Trembowelska, Elżbieta.
Numeracja związana z nazwą Scen.
700 1# - HASŁO DODATKOWE - NAZWA OSOBOWA
Nazwa osobowa Filarski, Paweł.
Numeracja związana z nazwą Scen.
700 1# - HASŁO DODATKOWE - NAZWA OSOBOWA
Nazwa osobowa Chmielewski, Piotr.
Numeracja związana z nazwą Reż.
700 1# - HASŁO DODATKOWE - NAZWA OSOBOWA
Nazwa osobowa Rudziecki, Waldemar.
Numeracja związana z nazwą Prod.
700 1# - HASŁO DODATKOWE - NAZWA OSOBOWA
Nazwa osobowa Błaut, Robert.
Numeracja związana z nazwą Konsult.
700 1# - HASŁO DODATKOWE - NAZWA OSOBOWA
Nazwa osobowa Stelmaszczyk, Krzysztof.
Numeracja związana z nazwą Aktor
700 1# - HASŁO DODATKOWE - NAZWA OSOBOWA
Nazwa osobowa Orłoś, Maciej.
Numeracja związana z nazwą Aktor
700 1# - HASŁO DODATKOWE - NAZWA OSOBOWA
Nazwa osobowa Arsenowicz, Krzysztof.
Numeracja związana z nazwą Aktor
700 1# - HASŁO DODATKOWE - NAZWA OSOBOWA
Nazwa osobowa Pietrzyk, Roman.
Numeracja związana z nazwą Aktor
700 1# - HASŁO DODATKOWE - NAZWA OSOBOWA
Nazwa osobowa Babicz, Agnieszka.
Numeracja związana z nazwą Aktor
700 1# - HASŁO DODATKOWE - NAZWA OSOBOWA
Nazwa osobowa Pawlak, Agnieszka.
Numeracja związana z nazwą Aktor
700 1# - HASŁO DODATKOWE - NAZWA OSOBOWA
Nazwa osobowa Gordon, Krzysztof.
Numeracja związana z nazwą Aktor
830 #0 - HASŁO DODATKOWE SERII LUB DOKUMENTU WIELOCZĘŚCIOWEGO - TYTUŁ UJEDNOLICONY
Tytuł ujednolicony Wideoteka Synergii
856 ## - LOKALIZACJA I DOSTĘP DO ELEKTRONICZNYCH DOKUMENTÓW ZDALNYCH
Link (URL) http://koha.tu.koszalin.pl/cgi-bin/koha/opac-detail.pl?biblionumber=41248
Tekst linku Katalog online BPK
946 ## - DANE ZAMÓWIENIA
c 174.11
942 ## - DODATKOWE ELEMENTY (KOHA)
Typ dokumentu Płyta DVD
Egzemplarze
Wycofany Status egzemplarza Uszkodzony Dostępność Lokalizacja stała Lokalizacja bieżąca Miejsce przechowywania Sygnatura Kod kreskowy Status: wypożyczony Ostatnio wypożyczono Dział Typ dokumentu
      Tylko na miejscu Czytelnia Wydziału Elektroniki i Informatyki, Wydziału Architektury i Wzornictwa, Wydziału Inżynierii Mechanicznej i Energetyki oraz Wydziału Inżynierii Lądowej, Środowiska i Geodezji Czytelnia Wydziału Elektroniki i Informatyki, Wydziału Architektury i Wzornictwa, Wydziału Inżynierii Mechanicznej i Energetyki oraz Wydziału Inżynierii Lądowej, Środowiska i Geodezji Czytelnia Wydziałowa ul. Śniadeckich 2 DD 1697 02510255 06.10.2026 03.02.2022 316 Socjologia (księgozbiór podręczny) Płyta DVD
© 2023 Biblioteka Politechniki Koszalińskiej :: KOHA